01451nam a2200313 a 4500001001000000003000900010005001700019007000300036008004100039020001800080040002500098100004800123245008800171260003800259300003200297500003400329500007100363504003200434590003000466700004700496910001500543942001400558952009900572952011300671952011800784952010900902952010901011999001701120000042560DO-SdBNP20250408123231.0ta140127s2011 dr a 001 0 spa d a9789945140903 aDO-SdBNPbspacBNPHU1 aAbinader, José Rafael,911652d1929-2018.10aVerdades históricas /cJosé Rafael Abinader Wasaf ; prólogo Manuel Núñez. aSanto Domingo :bCorripio,c2011. axi, 378 p. :bil. ;c23 cm. aIncluye índice onomástico aIncluye datos biográficos del autor en la solapa de la cubierta. aBibliografía : p. 369-376 aInventariado, 2021 /LP 1 aNúñez, Manuel,d1957-eprólogo92366 aLopérez. 2ddccLBS1 00112ddc56708DSaBNPHUbDOcMId2014-01-27l0p42560-30r2020-06-25te.3w2020-06-25yLFDS 00102ddc51708PDaBNPHUbPDcHDd2014-01-27eDepósito Legal l0p42560-10r2020-06-25w2020-06-25yLFPD 00102ddc51708PDaBNPHUbPDcHDd2014-01-27eDepósito Legal l0p42560-20r2020-06-25te.2w2020-06-25yLFPD 00102ddc56708DSaBNPHUbDOcHDd2021-11-22eCompral0p2021-28252r2021-11-22te.4w2021-11-22yLFDS 00102ddc56708DSaBNPHUbDOcHDd2021-11-22eCompral0p2021-28253r2021-11-22te.5w2021-11-22yLFDS c42049d42049